00424nam a2200133Ia 450000500170000000800410001702000180005808200130007610000170008924500390010626000480014530000180019350000790021120250429083116.0240331s9999 xx 000 0 und d a9789556590986 bMAHa294 aMaheswaran,V 0aSolar kalaththu koyillum samugamum aColombo - ChennaibKumaran Book Housec2008 axxi, 355 p ., aSolar kalathuch saivakovilkalin solra kalvedukkalai atharamakak konda Ayvu